000
00322nam a22001217a 4500
008
180215b xxu||||| |||| 00| 0 eng d
041
_a
eng
080
_a
33
100
_a
52
101
_a
EKO
245
_a
From dependency to development: strategies to overcome underdevelopment and inequality
_c
Munoz,H
942
_2
udc
_c
BK
999
_c
42669
_d
42669